000 00646nam a2200217 a 4500
999 _c3604
_d3604
001 3604
003 BD-JhCC
005 20171115162914.0
008 171115s1371 bg |||| ||a| 000 0 ben d
035 _a(BD-JhCC)3604
040 _aBD-JhCC
_dBD-JhCC
041 _aben
082 _a920
_bUSU 1371
100 _a ইউসুফ, ফজলুল হাসান
245 _aগাজী সালাহ উদদীন /
_cফজলুল হাসান ইউসুফ
260 _aঢাকা :
_bবাংলা একাডেমী,
_c1371.
300 _a67 p. :
_c21 cm.
650 _aBiography
942 _2ddc
_cBK